<?xml version="1.0" encoding="UTF-8"?>
<marc:record xmlns:marc="http://www.loc.gov/MARC21/slim">
   <marc:leader>00000nam a2200000 a 4500</marc:leader>
   <marc:datafield ind1="1" ind2=" " tag="100">
      <marc:subfield code="a">Böse, Susanne</marc:subfield>
      <marc:subfield code="4">aut</marc:subfield>
      <marc:subfield code="e">Verfasser/-in</marc:subfield>
   </marc:datafield>
   <marc:datafield ind1="1" ind2=" " tag="100">
      <marc:subfield code="a">Faust, Christine</marc:subfield>
      <marc:subfield code="4">art</marc:subfield>
      <marc:subfield code="e">Künstler/-in</marc:subfield>
   </marc:datafield>
   <marc:datafield ind1="0" ind2="0" tag="245">
      <marc:subfield code="a">Grummeln, weinen, lachen – was kleine Monster so machen ; ein Soundbuch über Gefühle</marc:subfield>
   </marc:datafield>
   <marc:datafield ind1="0" ind2="0" tag="245">
      <marc:subfield code="c">Susanne Böse, Christiane Faust</marc:subfield>
   </marc:datafield>
   <marc:datafield ind1=" " ind2="1" tag="264">
      <marc:subfield code="a">Würzburg</marc:subfield>
      <marc:subfield code="b">Arena</marc:subfield>
      <marc:subfield code="c">2022</marc:subfield>
   </marc:datafield>
   <marc:datafield ind1="1" ind2=" " tag="520">
      <marc:subfield code="a">Angaben aus der Verlagsmeldung

Grummeln, weinen, lachen – Was kleine Monster so machen : Soundbuch für Kinder ab 3 Jahren mit lustigen Monstern und ihren Gefühlen / von Susanne Böse

In diesem frechen Soundbuch für Kinder ab 3 Jahren zeigen lustige Monster, wie die Gefühle Angst, Wut, Langeweile und Glück klingen können.

Was ist denn hier los? Wuseli gähnt vor Langeweile, Stierchen faucht vor Wut und Zwicki bibbert vor Angst. Die drei Monster lassen ihren Gefühlen freien Lauf und machen dabei die wildesten Geräusche. Man muss nur auf den Knopf drücken und schon geht es los! Zum Glück sind die monstermäßigen Freunde am Schluss alle wieder gut gelaunt:

„Schon schneiden die drei die lustigsten Grimassen

und machen einen richtigen Monsterlärm.

Denn so ist das mit Freunden: Sie halten zusammen.

Sie helfen sich. Und sie haben ganz viel Spaß.

Jappadappadu - So fri-fra-fröhlich klingt es, wenn sich alle freuen!“

</marc:subfield>
   </marc:datafield>
   <marc:datafield ind1=" " ind2=" " tag="020">
      <marc:subfield code="a">9783401717630</marc:subfield>
      <marc:subfield code="9">9783401717630</marc:subfield>
   </marc:datafield>
   <marc:datafield ind1=" " ind2=" " tag="020">
      <marc:subfield code="a">3401717634</marc:subfield>
      <marc:subfield code="9">3401717634</marc:subfield>
   </marc:datafield>
   <marc:datafield ind1=" " ind2=" " tag="041">
      <marc:subfield code="a">ger</marc:subfield>
   </marc:datafield>
   <marc:datafield ind1=" " ind2=" " tag="300">
      <marc:subfield code="a">8 ungezählte Seiten</marc:subfield>
   </marc:datafield>
</marc:record>
